000 nam a22 a 4500
999 _c431932
_d431932
003 BLK
005 20210915140547.0
008 210915b bu |||||r|||| 00| | bu d
040 _aBLK
041 _aRUS
_cRUS
080 _aИстория на балканските държави
_b94(497)
_z94(497)
100 _9464559
_aЛавеле, Эмиль Луи Виктор де
_eпърви автор
139 _aЛавеле, Эмиль Луи Виктор де
245 _aБалканский полуостров
_bПутевые заметки
_cЭмиль де Лавелэ;Пер. с фр. с примеч. и доп. Ник. Евг. Васильева
260 _9218077
_aМосква
_bК. Т. Солдатенков
_c1889
300 _a1122 с. разд. паг.
_c23 см
380 _a9
490 _9435080
_aКолекция Редки и ценни издания
650 0 _9266787
_aБалкански страни - история
653 7 _9187889
_aистория
700 _91177
_aВасильев, Николай Евгеньевич
_eпрев. от фр.
852 _aРб 889
_bРц
942 _cKNG
_n0
_s1
944 _aCR
_c2021-09-15
_kК.Д.